00289nam a2200121Ia 4500008004100000082001500041100001500056245002100071260002600092300000700118630002100125730002100146100122s9999 xx 000 0 und d b65436a520 aAPTE MOHAN aTRANSIT OF VENUS bJANASEVA SAMITIc2004 a16 aTRANSIT OF VENUS aTRANSIT OF VENUS